[Event "Championnat de France - Vétérans"]
[Site "Aix-les-Bains"]
[Date "2007.08.17"]
[Round "4.1"]
[White "Vaisman, Volodia"]
[Black "Dubreuil, Remy"]
[Result "1-0"]
[WhiteElo "2346"]
[BlackElo "2004"]
[PlyCount "72"]
[EventDate "2007.??.??"]

1. d4 Nf6 2. Bg5 g6 3. Bxf6 exf6 4. e3 Bg7 5. Ne2 O-O 6. h4 h5 7. Nf4 d5 8. c4
dxc4 9. Bxc4 Kh7 10. Nc3 f5 11. Qb3 Qd7 12. O-O-O a6 13. Bd5 Ra7 14. Kb1 b5 15.
Nd3 c6 16. Bf3 Qd6 17. Qb4 Rd8 18. Qxd6 Rxd6 19. Ne2 a5 20. Rc1 Be6 21. Nef4
Rc7 22. Nc5 Re7 23. g3 a4 24. Rc2 Ra7 25. Nfd3 Bc4 26. Nb4 Bf8 27. b3 axb3 28.
axb3 Bd5 29. Bxd5 cxd5 30. Ra2 Rxa2 31. Kxa2 Nc6 32. Nxc6 Rxc6 33. b4 Kg7 34.
Kb3 Bd6 35. Ra1 Bc7 36. Ra7 Kh6 1-0

[Event "Championnat de France - Vétérans"]
[Site "Aix-les-Bains"]
[Date "2007.08.17"]
[Round "4.3"]
[White "Rosenfeld, Imre"]
[Black "Rodriguez, Jean-Pierre"]
[Result "1/2-1/2"]
[WhiteElo "2026"]
[BlackElo "1915"]
[PlyCount "123"]
[EventDate "2007.??.??"]

1. d4 d5 2. Nf3 Nf6 3. e3 e6 4. Bd3 c5 5. c3 Nc6 6. Nbd2 Bd6 7. O-O O-O 8. dxc5
Bxc5 9. e4 e5 10. exd5 Qxd5 11. Qe2 Bg4 12. Ne4 Be7 13. Bg5 Qe6 14. Nxf6+ Bxf6
15. Bxf6 Bxf3 16. Qxf3 Qxf6 17. Qxf6 gxf6 18. Be4 Rac8 19. Rfd1 Rfd8 20. Kf1 b6
21. Ke2 Ne7 22. Rxd8+ Rxd8 23. Rd1 Rxd1 24. Kxd1 f5 25. Bc2 Kg7 26. Kd2 Kf6 27.
Kd3 Nd5 28. g3 e4+ 29. Kd4 Nc7 30. a4 Ne6+ 31. Ke3 Ke5 32. f3 exf3 33. Kxf3 h6
34. b4 f6 35. Ke3 f4+ 36. gxf4+ Nxf4 37. c4 f5 38. c5 Nd5+ 39. Kd2 Nxb4 40.
cxb6 axb6 41. Bd1 Kd4 42. Ke2 Ke4 43. Kf2 Nd3+ 44. Ke2 Nc5 45. Kf2 Kd3 46. Kg3
Kd2 47. Bh5 Ke3 48. Bd1 f4+ 49. Kg4 Ne4 50. Kf5 f3 51. Bxf3 Kxf3 52. h4 Ng3+
53. Ke5 Ne4 54. Kf5 Nc5 55. Kg6 Kg4 56. h5 Ne6 57. Kxh6 Nf4 58. Kg7 Kxh5 59.
Kf6 Nd5+ 60. Ke5 Nc3 61. Kd6 Nxa4 62. Kc6 1/2-1/2

[Event "Championnat de France - Vétérans"]
[Site "Aix-les-Bains"]
[Date "2007.08.17"]
[Round "4.4"]
[White "Andrieu, Philippe"]
[Black "Renault, Jean-Pierre"]
[Result "1-0"]
[WhiteElo "2028"]
[BlackElo "1910"]
[PlyCount "75"]
[EventDate "2007.??.??"]

1. d4 Nf6 2. Bg5 c5 3. dxc5 e6 4. Nc3 Bxc5 5. e3 d5 6. Nf3 h6 7. Bh4 Nc6 8. a3
a6 9. Bd3 Be7 10. O-O g5 11. Bg3 Nh5 12. Ne2 Bf6 13. c3 Nxg3 14. Nxg3 h5 15.
Nd4 Ne5 16. Bc2 g4 17. Re1 h4 18. Nf1 Rg8 19. g3 Bd7 20. e4 dxe4 21. Bxe4 Qb6
22. b4 O-O-O 23. a4 hxg3 24. Nxg3 Rh8 25. a5 Qd6 26. Bg2 Bc6 27. Bxc6 Nxc6 28.
Nxc6 Qxc6 29. Qe2 Rxh2 30. Kxh2 Rh8+ 31. Kg1 Be7 32. Qe4 Qc7 33. Qe5 Qxe5 34.
Rxe5 Bf6 35. Rc5+ Kb8 36. Rd1 Be7 37. Rc4 f5 38. Re1 1-0

[Event "Championnat de France - Vétérans"]
[Site "Aix-les-Bains"]
[Date "2007.08.17"]
[Round "4.5"]
[White "Marbot, Raymond"]
[Black "Graille, Michel"]
[Result "1/2-1/2"]
[WhiteElo "1834"]
[BlackElo "2010"]
[PlyCount "67"]
[EventDate "2007.??.??"]

1. e4 c5 2. Nf3 Nc6 3. d4 cxd4 4. Nxd4 Nf6 5. Nc3 e6 6. Ndb5 d6 7. Bf4 e5 8.
Bg5 a6 9. Na3 b5 10. Nd5 Be7 11. Bxf6 Bxf6 12. c3 Bg5 13. Nc2 O-O 14. a4 Rb8
15. axb5 axb5 16. Ncb4 Nxb4 17. Nxb4 Bb7 18. Bd3 Ra8 19. O-O Rxa1 20. Qxa1 Qb6
21. Qd1 Ra8 22. Qg4 Bf6 23. Re1 Bc6 24. Qe2 Ra5 25. Qg4 Ra8 26. Nxc6 Qxc6 27.
Qe2 Rb8 28. Ra1 b4 29. Bb5 Qc5 30. c4 h6 31. Kf1 Bd8 32. b3 Bb6 33. Rd1 Qc7 34.
Qd2 1/2-1/2

[Event "Championnat de France - Vétérans"]
[Site "Aix-les-Bains"]
[Date "2007.08.17"]
[Round "4.6"]
[White "Hoyer, Hans-Gerd"]
[Black "Koenig, Joel"]
[Result "1-0"]
[WhiteElo "2137"]
[BlackElo "1905"]
[PlyCount "117"]
[EventDate "2007.??.??"]

1. e4 Nc6 2. c3 d5 3. exd5 Qxd5 4. d4 Nf6 5. Nf3 Bg4 6. Be2 e6 7. a3 Bd6 8.
Nbd2 O-O 9. Nf1 e5 10. c4 Qe4 11. Ng3 Qg6 12. c5 Bxf3 13. Bxf3 Be7 14. Bxc6
bxc6 15. dxe5 Ng4 16. f4 Nxh2 17. Qb3 Bh4 18. Kf2 Rab8 19. Qc3 Bxg3+ 20. Qxg3
Qc2+ 21. Kg1 Rb3 22. Qh4 Nf3+ 23. gxf3 Qd1+ 24. Kh2 Qxf3 25. Rg1 Rd3 26. Qg4 g6
27. Qxf3 Rxf3 28. Kg2 Rb3 29. Kf2 Rd8 30. Rg3 Rb5 31. b4 a5 32. Rb1 Rd5 33.
Rgb3 a4 34. Rg3 Kf8 35. Ke2 Ke7 36. Rd3 Ke6 37. Be3 Rb8 38. Rxd5 Kxd5 39. Rd1+
Ke6 40. Bf2 h5 41. Bh4 Rg8 42. Kf3 Rb8 43. Ke4 Rc8 44. Rf1 Rg8 45. Bg5 Rg7 46.
f5+ gxf5+ 47. Rxf5 Rg6 48. Rf6+ Rxf6 49. Bxf6 Kd7 50. Kf5 Ke8 51. Bg5 Kf8 52.
Bd8 Ke8 53. Bxc7 Kd7 54. Bd6 h4 55. Kg4 Ke6 56. Kxh4 Kd5 57. Kg5 Kc4 58. Kf6
Kb3 59. b5 1-0

[Event "Championnat de France - Vétérans"]
[Site "Aix-les-Bains"]
[Date "2007.08.17"]
[Round "4.7"]
[White "Gibson, John"]
[Black "Guillaumat, Jean-Pierre"]
[Result "0-1"]
[WhiteElo "1905"]
[BlackElo "2015"]
[PlyCount "98"]
[EventDate "2007.??.??"]

1. f4 g6 2. Nf3 Bg7 3. e3 d5 4. d3 c5 5. c3 Nc6 6. d4 cxd4 7. exd4 Nf6 8. Bb5
O-O 9. O-O Bg4 10. Bxc6 bxc6 11. h3 Bxf3 12. Qxf3 e6 13. Nd2 a5 14. Nb3 Nd7 15.
Be3 Qb6 16. Rab1 Qb5 17. Nc1 Rab8 18. g4 Nf6 19. Ne2 Ne4 20. Ng3 f5 21. g5 Rb7
22. h4 Rfb8 23. Nxe4 dxe4 24. Qd1 Qc4 25. Rf2 a4 26. a3 Bf8 27. Bc1 Rb3 28. Ra1
c5 29. Be3 cxd4 30. Bxd4 Rxb2 31. Rxb2 Rxb2 32. Rb1 Rb3 33. Be5 Bc5+ 34. Kh1
Rxb1 35. Qxb1 Qb3 36. Qf1 Qxa3 37. Qd1 Be7 38. Qd7 Kf7 39. Qc8 Qc1+ 40. Kg2
Qd2+ 41. Kh3 Qe3+ 42. Kh2 Qf2+ 43. Kh3 Qe3+ 44. Kh2 Qd2+ 45. Kh3 Qd8 46. Qc4 a3
47. Kg2 Qd2+ 48. Kg1 a2 49. Qf1 e3 0-1

[Event "Championnat de France - Vétérans"]
[Site "Aix-les-Bains"]
[Date "2007.08.17"]
[Round "4.8"]
[White "Cousin, Philippe"]
[Black "Vincent, Bernard"]
[Result "1-0"]
[WhiteElo "2004"]
[BlackElo "1856"]
[PlyCount "89"]
[EventDate "2007.??.??"]

1. d4 f5 2. Nf3 Nf6 3. c4 g6 4. Nc3 Bg7 5. e3 O-O 6. Bd3 d6 7. O-O c6 8. b3 a5
9. Bb2 Bd7 10. a3 Na6 11. Qc2 Nc7 12. Qe2 Ng4 13. Na4 Rb8 14. Rad1 b5 15. Nc3
bxc4 16. bxc4 d5 17. h3 Nh6 18. Ne5 e6 19. f4 Qe7 20. Rb1 Nf7 21. c5 Bxe5 22.
fxe5 Ng5 23. Na4 Ne4 24. Bxe4 fxe4 25. Nb6 Bc8 26. Rxf8+ Qxf8 27. Rf1 Qe7 28.
Nxc8 Rxc8 29. Bc3 Nb5 30. Bxa5 Nxa3 31. Be1 Nc4 32. Rf6 Rb8 33. Bh4 Qd7 34. Qf2
Qe8 35. Bg5 Rb1+ 36. Kh2 Rb2 37. Qf4 Rb8 38. Bh6 Qe7 39. Bg5 Rf8 40. Bh6 Rf7
41. h4 Qc7 42. Kh3 Qe7 43. h5 Rxf6 44. exf6 Qd7 45. f7+ 1-0

[Event "Championnat de France - Vétérans"]
[Site "Aix-les-Bains"]
[Date "2007.08.17"]
[Round "4.9"]
[White "Ancival, Lucien"]
[Black "Maury, Claude"]
[Result "0-1"]
[WhiteElo "2000"]
[BlackElo "1841"]
[PlyCount "116"]
[EventDate "2007.??.??"]

1. c4 Nf6 2. d4 d5 3. Nc3 Nc6 4. cxd5 Nxd5 5. e4 Nxc3 6. bxc3 e6 7. Nf3 Ne7 8.
Bg5 h6 9. Bh4 g5 10. Bg3 Ng6 11. h4 Bd6 12. e5 Be7 13. hxg5 hxg5 14. Rxh8+ Nxh8
15. Nh2 c5 16. Ng4 cxd4 17. Bb5+ Bd7 18. Bxd7+ Qxd7 19. Qf3 Rc8 20. cxd4 Qxd4
21. Rd1 Qc3+ 22. Qxc3 Rxc3 23. Nf6+ Bxf6 24. exf6 Ng6 25. Bb8 a6 26. a4 Rc8 27.
Ba7 Ra8 28. Bb6 Nf4 29. g3 Nd5 30. Bd4 b5 31. axb5 axb5 32. Kd2 Kd7 33. Kd3 Kd6
34. Rb1 Ra3+ 35. Kc2 b4 36. Re1 Rf3 37. Re5 Rxf2+ 38. Kc1 Rf5 39. Re4 e5 40.
Bb2 b3 41. Ba3+ Ke6 42. Kb2 Rf3 43. g4 Nxf6 44. Ra4 e4 45. Ra6+ Ke5 46. Bd6+
Kd5 47. Be7 Nxg4 48. Bxg5 e3 49. Ra5+ Ke4 50. Ra4+ Kf5 51. Bh4 e2 52. Ra1 Nf2
53. Rg1 e1=Q 54. Rxe1 Nd3+ 55. Kxb3 Nxe1+ 56. Kb2 Nd3+ 57. Kc2 f6 58. Kd2 Rh3
0-1

[Event "Championnat de France - Vétérans"]
[Site "Aix-les-Bains"]
[Date "2007.08.17"]
[Round "4.10"]
[White "Danzanvilliers, Patrice"]
[Black "Oger, Claude"]
[Result "0-1"]
[WhiteElo "1858"]
[BlackElo "1999"]
[PlyCount "54"]
[EventDate "2007.??.??"]

1. e4 e5 2. Nf3 Nc6 3. Bc4 Bc5 4. c3 Qe7 5. O-O d6 6. d4 Bb6 7. d5 Nb8 8. h3
Nf6 9. Qc2 Nbd7 10. Re1 O-O 11. Be3 Nh5 12. g3 Bxe3 13. Rxe3 Nb6 14. Bf1 f5 15.
c4 f4 16. gxf4 Nxf4 17. Kh2 Bd7 18. Nc3 Rf6 19. Ne2 Raf8 20. Nxf4 Rxf4 21. Bg2
Qf7 22. Qe2 Qh5 23. h4 Bg4 24. Kg3 Bxf3 25. Bxf3 Qxh4+ 26. Kg2 Qg5+ 27. Kf1
Nxc4 0-1

[Event "Championnat de France - Vétérans"]
[Site "Aix-les-Bains"]
[Date "2007.08.18"]
[Round "5.2"]
[White "Rodriguez, Jean-Pierre"]
[Black "Andrieu, Philippe"]
[Result "0-1"]
[WhiteElo "1915"]
[BlackElo "2028"]
[PlyCount "58"]
[EventDate "2007.??.??"]

1. c4 Nc6 2. g3 e5 3. Bg2 Nf6 4. Nf3 Bc5 5. O-O d6 6. Nc3 a6 7. a3 O-O 8. b4
Bb6 9. Bb2 h6 10. Rc1 Re8 11. d3 Bg4 12. e3 Qd7 13. Qc2 Bh3 14. Na4 Ba7 15. d4
Bxg2 16. Kxg2 exd4 17. exd4 Re4 18. Rfd1 Rae8 19. Rd2 Nh5 20. b5 Nf4+ 21. Kh1
Qg4 22. Ng1 Re1 23. Qb3 Rxc1 24. Bxc1 Re1 25. f3 Nh3 26. Rg2 Qxd4 27. Be3 Rxe3
28. Qb1 Ne5 29. Nxh3 Nxf3 0-1

[Event "Championnat de France - Vétérans"]
[Site "Aix-les-Bains"]
[Date "2007.08.18"]
[Round "5.3"]
[White "Derouineau, Paul"]
[Black "Hoyer, Hans-Gerd"]
[Result "0-1"]
[WhiteElo "1978"]
[BlackElo "2137"]
[PlyCount "74"]
[EventDate "2007.??.??"]

1. e4 g6 2. Nf3 Bg7 3. d4 d6 4. Nc3 Nf6 5. Be2 c6 6. O-O O-O 7. h3 Nbd7 8. Be3
e5 9. dxe5 dxe5 10. Qd2 Qe7 11. Rad1 Nc5 12. Bg5 a5 13. a4 Qc7 14. Bxf6 Bxf6
15. Qd6 Qxd6 16. Rxd6 Be7 17. Rdd1 Bf6 18. Bc4 Kg7 19. Kh2 Ne6 20. Ne2 Re8 21.
g3 Rb8 22. c3 Nc5 23. Nd2 Nxa4 24. b3 Nc5 25. b4 axb4 26. cxb4 Ne6 27. Nb3 b6
28. f4 b5 29. Bd3 exf4 30. gxf4 Be7 31. f5 Ng5 32. h4 Bd6+ 33. Kg2 Nxe4 34.
fxg6 hxg6 35. Bxe4 Rxe4 36. Rxd6 Rxe2+ 37. Kf3 Rb2 0-1

[Event "Championnat de France - Vétérans"]
[Site "Aix-les-Bains"]
[Date "2007.08.18"]
[Round "5.4"]
[White "Hirschmann, Georges"]
[Black "Rosenfeld, Imre"]
[Result "1/2-1/2"]
[WhiteElo "1942"]
[BlackElo "2026"]
[PlyCount "34"]
[EventDate "2007.??.??"]

1. d4 d5 2. c4 e6 3. g3 c6 4. Nf3 Nd7 5. Qc2 Ngf6 6. Bg2 Bd6 7. O-O O-O 8. b3
b6 9. Bb2 Bb7 10. Nbd2 Rc8 11. Ne5 c5 12. Nxd7 Qxd7 13. dxc5 Bxc5 14. Rad1 Qe7
15. Qb1 Rfd8 16. cxd5 Bxd5 17. Ne4 Nxe4 1/2-1/2

[Event "Championnat de France - Vétérans"]
[Site "Aix-les-Bains"]
[Date "2007.08.18"]
[Round "5.5"]
[White "Maury, Claude"]
[Black "Birens, Eric-Andre"]
[Result "0-1"]
[WhiteElo "1841"]
[BlackElo "2021"]
[PlyCount "82"]
[EventDate "2007.??.??"]

1. d4 c5 2. Nf3 cxd4 3. Nxd4 Nf6 4. c3 Nc6 5. Nxc6 bxc6 6. g3 g6 7. Bg2 Bg7 8.
Nd2 O-O 9. Nb3 a5 10. Nc5 Qc7 11. O-O d6 12. Nd3 Rb8 13. Re1 e5 14. Qa4 Bd7 15.
Qh4 Rfe8 16. Bh3 Bxh3 17. Qxh3 c5 18. Rd1 c4 19. Ne1 d5 20. Rb1 Ne4 21. g4 d4
22. cxd4 exd4 23. Qf3 Nc3 24. Bf4 Nxe2+ 25. Qxe2 Qxf4 26. Qxc4 Qxg4+ 27. Ng2
Rxb2 28. Qa4 Rbb8 29. Qxa5 Rxb1 30. Rxb1 d3 31. Qd2 Rd8 32. Qd1 Qg5 33. Qf3 d2
34. Rd1 Qa5 35. Qb3 h5 36. Ne3 Qg5+ 37. Kh1 Qf4 38. Kg1 Be5 39. Nf1 Qg4+ 40.
Kh1 Rb8 41. h3 Qe4+ 0-1

[Event "Championnat de France - Vétérans"]
[Site "Aix-les-Bains"]
[Date "2007.08.18"]
[Round "5.6"]
[White "Guillaumat, Jean-Pierre"]
[Black "Labarthe, Arnaud"]
[Result "1-0"]
[WhiteElo "2015"]
[BlackElo "1952"]
[PlyCount "99"]
[EventDate "2007.??.??"]

1. d4 d5 2. Nf3 Bg4 3. e3 Nd7 4. Be2 e6 5. Nbd2 Bd6 6. c4 c6 7. e4 dxe4 8. Nxe4
Be7 9. O-O Ngf6 10. Ng3 Nh5 11. Nxh5 Bxh5 12. d5 exd5 13. cxd5 Nb6 14. dxc6
Qxd1 15. Bxd1 bxc6 16. Re1 Rd8 17. Bg5 f6 18. Be3 Rd7 19. Nd4 Bxd1 20. Raxd1
Nc4 21. Nxc6 Nxe3 22. fxe3 Bc5 23. Kf2 Bb6 24. b4 Rf8 25. Kf3 Rff7 26. a4 a6
27. g3 Rb7 28. Rd3 Rfd7 29. Red1 Rxd3 30. Rxd3 Bc7 31. a5 Rb5 32. e4 Be5 33. h3
Bc7 34. g4 Be5 35. Ke3 Bb2 36. Rd8+ Kf7 37. Rb8 Bc1+ 38. Kd3 Rg5 39. Rb7+ Ke8
40. Rb6 h5 41. Rxa6 hxg4 42. hxg4 Rxg4 43. b5 Kd7 44. Ra7+ Kd6 45. Nd8 f5 46.
exf5 Kc5 47. Rc7+ Kxb5 48. Rxc1 Kxa5 49. Ne6 Kb6 50. Ke3 1-0

[Event "Championnat de France - Vétérans"]
[Site "Aix-les-Bains"]
[Date "2007.08.18"]
[Round "5.7"]
[White "Graille, Michel"]
[Black "Molet, Asher"]
[Result "0-1"]
[WhiteElo "2010"]
[BlackElo "1924"]
[PlyCount "37"]
[EventDate "2007.??.??"]

1. d4 d5 2. c4 e6 3. Nc3 Nf6 4. cxd5 exd5 5. Bg5 Nbd7 6. e3 Be7 7. Nf3 O-O 8.
Be2 Re8 9. Rc1 c6 10. O-O Nf8 11. Qc2 Ng6 12. Rb1 Ne4 13. Bxe7 Qxe7 14. b4 Bf5
15. Bd3 Bg4 16. Nd2 Nxd2 17. Qxd2 Nh4 18. Be2 Bh3 19. gxh3 0-1

[Event "Championnat de France - Vétérans"]
[Site "Aix-les-Bains"]
[Date "2007.08.18"]
[Round "5.8"]
[White "Deveau, Henri"]
[Black "Cousin, Philippe"]
[Result "1/2-1/2"]
[WhiteElo "1810"]
[BlackElo "2004"]
[PlyCount "63"]
[EventDate "2007.??.??"]

1. e4 c6 2. d4 d5 3. Nc3 dxe4 4. Nxe4 Nf6 5. Nxf6+ exf6 6. Nf3 Bd6 7. Be2 O-O
8. O-O Bg4 9. c4 Nd7 10. h3 Bh5 11. Nh2 Bxe2 12. Qxe2 Re8 13. Qd1 Bxh2+ 14.
Kxh2 Nb6 15. b3 Re4 16. Be3 f5 17. Qf3 Qd6+ 18. Kh1 Qg6 19. Rg1 f4 20. Bxf4
Rxd4 21. Rad1 Rxd1 22. Rxd1 h6 23. Kh2 Re8 24. Rd6 f6 25. a4 Nc8 26. Rd7 Re7
27. Qd1 Qe4 28. Bg3 Qe6 29. Rd8+ Re8 30. Qd7 Qxd7 31. Rxd7 b6 32. a5 1/2-1/2

[Event "Championnat de France - Vétérans"]
[Site "Aix-les-Bains"]
[Date "2007.08.18"]
[Round "5.9"]
[White "Dubreuil, Remy"]
[Black "Laval, Hubert"]
[Result "0-1"]
[WhiteElo "2004"]
[BlackElo "1910"]
[PlyCount "60"]
[EventDate "2007.??.??"]

1. e4 d5 2. exd5 Qxd5 3. Nc3 Qa5 4. d4 e5 5. dxe5 Bb4 6. f4 Bxc3+ 7. bxc3 Qxc3+
8. Bd2 Qc5 9. Bd3 Nc6 10. c3 Nge7 11. Nf3 Be6 12. Qe2 O-O-O 13. Rc1 Rd7 14. Be3
Qd5 15. Bb1 Qc4 16. Qxc4 Bxc4 17. Kf2 g6 18. Rhd1 Rhd8 19. Rxd7 Rxd7 20. Ng5 h5
21. g3 Nf5 22. a3 Nxe3 23. Kxe3 a6 24. e6 Re7 25. Nxf7 Bxe6 26. Ng5 Bf5+ 27.
Kf3 Na5 28. Bxf5+ gxf5 29. c4 Nb3 30. Kf2 Nxc1 0-1

[Event "Championnat de France - Vétérans"]
[Site "Aix-les-Bains"]
[Date "2007.08.18"]
[Round "5.10"]
[White "Oger, Claude"]
[Black "Marbot, Raymond"]
[Result "1-0"]
[WhiteElo "1999"]
[BlackElo "1834"]
[PlyCount "79"]
[EventDate "2007.??.??"]

1. d4 Nf6 2. Nf3 e6 3. c4 b6 4. g3 Bb7 5. Bg2 Be7 6. Nc3 Ne4 7. Qc2 Nxc3 8.
Qxc3 d6 9. O-O O-O 10. Qc2 f5 11. Nh4 Bxg2 12. Nxg2 Qe8 13. b3 Nd7 14. Bb2 Bf6
15. Rad1 c5 16. dxc5 dxc5 17. Rd6 Rf7 18. Rfd1 Bxb2 19. Qxb2 e5 20. R1d5 Re7
21. Qd2 Nf8 22. Qg5 Qf7 23. Nh4 Ne6 24. Qxf5 Nd4 25. Qe4 Rf8 26. f3 Qh5 27. Rd8
Rfe8 28. Rxe8+ Qxe8 29. Kf2 g6 30. e3 Nc6 31. Rd6 Nd8 32. Qg4 Kh8 33. Qg5 Qf8
34. Rxg6 Ne6 35. Qxe5+ Ng7 36. Rf6 Qe8 37. Qf4 Kg8 38. Qg5 Re5 39. Nf5 Qd7 40.
Nh6+ 1-0

[Event "Championnat de France - Vétérans"]
[Site "Aix-les-Bains"]
[Date "2007.08.19"]
[Round "6.1"]
[White "Andrieu, Philippe"]
[Black "Goldenberg, Richard"]
[Result "0-1"]
[WhiteElo "2028"]
[BlackElo "2322"]
[PlyCount "66"]
[EventDate "2007.??.??"]

1. d4 Nf6 2. Bg5 d5 3. e3 c5 4. c3 e6 5. Bd3 Nc6 6. Nf3 Qb6 7. b3 Ne4 8. Bxe4
dxe4 9. Nfd2 h6 10. Bf4 g5 11. Nc4 Qd8 12. Bg3 cxd4 13. exd4 b5 14. Ne5 Bb7 15.
Qe2 Qd5 16. Nd2 Bg7 17. Ng4 f5 18. Ne3 Qd7 19. Qxb5 O-O-O 20. Nec4 f4 21. Nxe4
Nxd4 22. Ned6+ Kb8 23. cxd4 Qxb5 24. Nxb5 fxg3 25. hxg3 Bxg2 26. Rg1 Bf3 27.
Kd2 Rd5 28. Ke3 g4 29. Ncd6 Bxd4+ 30. Kd2 Bxa1+ 31. Kc2 Bf6 32. b4 Rd8 33. Nf7
Rc8+ 0-1

[Event "Championnat de France - Vétérans"]
[Site "Aix-les-Bains"]
[Date "2007.08.19"]
[Round "6.2"]
[White "Vaisman, Volodia"]
[Black "Hoyer, Hans-Gerd"]
[Result "1/2-1/2"]
[WhiteElo "2346"]
[BlackElo "2137"]
[PlyCount "60"]
[EventDate "2007.??.??"]

1. d4 d6 2. c4 e5 3. d5 f5 4. e4 fxe4 5. Nc3 Nf6 6. Nge2 Be7 7. Ng3 O-O 8.
Ncxe4 Nxe4 9. Nxe4 Bf5 10. Bd3 Nd7 11. O-O Qe8 12. Be3 Qg6 13. Qc2 Nf6 14.
Nxf6+ Rxf6 15. Bxf5 Qxf5 16. Qxf5 Rxf5 17. Rfe1 Bg5 18. Bxg5 Rxg5 19. f3 Rf5
20. Kf2 b6 21. Ke3 Kf7 22. Kd3 Rf4 23. Kc3 Ke7 24. Re3 Raf8 25. Rae1 Kd7 26.
Re4 g5 27. Kd3 h5 28. h3 h4 29. Rxf4 gxf4 30. Ke4 a5 1/2-1/2

[Event "Championnat de France - Vétérans"]
[Site "Aix-les-Bains"]
[Date "2007.08.19"]
[Round "6.3"]
[White "Birens, Eric-Andre"]
[Black "Oger, Claude"]
[Result "1-0"]
[WhiteElo "2021"]
[BlackElo "1999"]
[PlyCount "81"]
[EventDate "2007.??.??"]

1. d4 d5 2. c4 c6 3. Nf3 Nf6 4. Nc3 e6 5. Bg5 Be7 6. cxd5 exd5 7. e3 O-O 8. Bd3
Nbd7 9. Qc2 Re8 10. h3 Nf8 11. O-O-O b5 12. Kb1 a5 13. g4 a4 14. Ne5 Bb7 15. f4
Qa5 16. Bxf6 Bxf6 17. Rhf1 b4 18. Ne2 Rec8 19. g5 Bxe5 20. fxe5 c5 21. Ng3 b3
22. Qf2 bxa2+ 23. Ka1 a3 24. Qxf7+ Kh8 25. Rf2 axb2+ 26. Rxb2 Rc7 27. Qf2 c4
28. Rf1 Ng6 29. Bxg6 hxg6 30. Qc2 c3 31. Rxa2 Qxa2+ 32. Qxa2 Rxa2+ 33. Kxa2 Ba6
34. Rc1 Bc4+ 35. Ka3 Bd3 36. Kb3 c2 37. Kb2 Kg8 38. Nf1 Kf7 39. Nd2 Ke6 40. Nb3
Rc4 41. Nc5+ 1-0

[Event "Championnat de France - Vétérans"]
[Site "Aix-les-Bains"]
[Date "2007.08.19"]
[Round "6.4"]
[White "Molet, Asher"]
[Black "Guillaumat, Jean-Pierre"]
[Result "1-0"]
[WhiteElo "1924"]
[BlackElo "2015"]
[PlyCount "95"]
[EventDate "2007.??.??"]

1. d4 d5 2. Nf3 Nf6 3. e3 e6 4. Nbd2 c5 5. c3 Nc6 6. Bd3 cxd4 7. exd4 Bd6 8.
O-O O-O 9. Qe2 Qc7 10. Re1 a6 11. Ne5 Ne7 12. Nf1 Ng6 13. Bg5 Bxe5 14. dxe5 Nd7
15. Bxg6 hxg6 16. Nd2 b5 17. Nb3 Nc5 18. Nd4 Bb7 19. Qg4 Rae8 20. Re3 Ne4 21.
f3 Nxg5 22. Qxg5 Qd8 23. Qg4 g5 24. Rf1 Bc8 25. f4 f5 26. Qxg5 Qxg5 27. fxg5
Kf7 28. g4 g6 29. Rh3 Rh8 30. Rxh8 Rxh8 31. Kg2 Kg7 32. Kg3 Bd7 33. h4 Rc8 34.
h5 a5 35. Rf2 b4 36. cxb4 Rc4 37. Rf4 Rxb4 38. b3 Rb8 39. Rf2 Rb4 40. Rd2 fxg4
41. h6+ Kg8 42. Kxg4 Rb7 43. Kf4 a4 44. Ke3 axb3 45. axb3 Be8 46. Rb2 Rb4 47.
Ra2 Bf7 48. Ra8+ 1-0

[Event "Championnat de France - Vétérans"]
[Site "Aix-les-Bains"]
[Date "2007.08.19"]
[Round "6.5"]
[White "Laval, Hubert"]
[Black "Hirschmann, Georges"]
[Result "1-0"]
[WhiteElo "1910"]
[BlackElo "1942"]
[PlyCount "67"]
[EventDate "2007.??.??"]

1. Nf3 d5 2. g3 Nf6 3. Bg2 e6 4. O-O Be7 5. d3 O-O 6. Nbd2 c5 7. e4 Nc6 8. Re1
Qc7 9. e5 Nd7 10. Qe2 Re8 11. c3 b5 12. Nf1 c4 13. d4 b4 14. h4 f5 15. Bf4 bxc3
16. bxc3 Rb8 17. Ne3 Nf8 18. Reb1 Rxb1+ 19. Rxb1 Ng6 20. Bg5 Bxg5 21. Nxg5 Bd7
22. Qh5 Nf8 23. Qf7+ Kh8 24. Nxd5 Qc8 25. Nf4 Nd8 26. Qh5 Kg8 27. Qe2 h6 28.
Nf3 Qa6 29. d5 exd5 30. Nxd5 Nde6 31. Nd4 Qc8 32. f4 Qc5 33. Qf2 g6 34. Nf6+
1-0

[Event "Championnat de France - Vétérans"]
[Site "Aix-les-Bains"]
[Date "2007.08.19"]
[Round "6.6"]
[White "Rosenfeld, Imre"]
[Black "Renault, Jean-Pierre"]
[Result "1/2-1/2"]
[WhiteElo "2026"]
[BlackElo "1910"]
[PlyCount "87"]
[EventDate "2007.??.??"]

1. d4 f5 2. Bg5 c6 3. e3 Qb6 4. Qc1 g6 5. Nf3 Bg7 6. Nbd2 Nf6 7. Be2 d6 8. c4
O-O 9. Qc2 Qc7 10. O-O e5 11. dxe5 dxe5 12. Rfd1 c5 13. Bxf6 Bxf6 14. Nb1 e4
15. Ne1 f4 16. Nc3 fxe3 17. fxe3 Bxc3 18. Qxc3 Qf7 19. Nf3 exf3 20. Bxf3 Be6
21. b3 Qc7 22. Rd2 Nc6 23. Rad1 Rad8 24. h4 Rxd2 25. Rxd2 Rd8 26. h5 Rxd2 27.
Qxd2 Kg7 28. Qf2 Qe5 29. hxg6 hxg6 30. Qd2 Qa1+ 31. Kh2 Qe5+ 32. Kg1 Qg5 33.
Kf2 Qh4+ 34. Kg1 Qg3 35. Kf1 Qe5 36. Kf2 Bf5 37. Kg1 Be4 38. Qd7+ Kf6 39. Bxe4
Qxe4 40. Qd6+ Qe6 41. Qxc5 b6 42. Qf8+ Kg5 43. Qf4+ Kh5 44. Qh2+ 1/2-1/2

[Event "Championnat de France - Vétérans"]
[Site "Aix-les-Bains"]
[Date "2007.08.19"]
[Round "6.7"]
[White "Peyrin, Jean"]
[Black "Deveau, Henri"]
[Result "1-0"]
[WhiteElo "2011"]
[BlackElo "1810"]
[PlyCount "73"]
[EventDate "2007.??.??"]

1. d4 d5 2. Nf3 Nf6 3. c4 e6 4. Nc3 c6 5. cxd5 cxd5 6. Bf4 Nc6 7. e3 Bd6 8. Bg3
Bxg3 9. hxg3 Qe7 10. Bd3 e5 11. dxe5 Nxe5 12. Bb5+ Nc6 13. O-O O-O 14. Nxd5
Nxd5 15. Qxd5 Rd8 16. Qh5 Qf6 17. Bxc6 bxc6 18. Rfd1 Bf5 19. Nd4 Bg6 20. Qh4
Qxh4 21. gxh4 Rdc8 22. Rac1 c5 23. Nb5 a6 24. Nd6 Rc7 25. Rd5 Rd8 26. Rdxc5
Rcd7 27. Nc4 f6 28. Nb6 Rd1+ 29. Rxd1 Rxd1+ 30. Kh2 Rd2 31. Nc4 Rxf2 32. Kg3
Rc2 33. Rc8+ Kf7 34. Nd6+ Ke6 35. Rxc2 Bxc2 36. Ne8 g6 37. Nc7+ 1-0

[Event "Championnat de France - Vétérans"]
[Site "Aix-les-Bains"]
[Date "2007.08.19"]
[Round "6.8"]
[White "Cousin, Philippe"]
[Black "Rodriguez, Jean-Pierre"]
[Result "0-1"]
[WhiteElo "2004"]
[BlackElo "1915"]
[PlyCount "40"]
[EventDate "2007.??.??"]

1. d4 Nf6 2. Nf3 e6 3. c4 d5 4. Nc3 Nbd7 5. e3 Bd6 6. Bd3 O-O 7. cxd5 exd5 8.
O-O Re8 9. Bd2 c6 10. Rc1 Ne4 11. Re1 Qf6 12. Qc2 Qf5 13. Ne2 Ndf6 14. Rf1 Qh5
15. Nf4 Qh6 16. h3 g5 17. Ne2 Bxh3 18. gxh3 Qxh3 19. Ne5 Bxe5 20. dxe5 Ng4 0-1

[Event "Championnat de France - Vétérans"]
[Site "Aix-les-Bains"]
[Date "2007.08.19"]
[Round "6.9"]
[White "Robion, Jean-Claude"]
[Black "Graille, Michel"]
[Result "0-1"]
[WhiteElo "1834"]
[BlackElo "2010"]
[PlyCount "92"]
[EventDate "2007.??.??"]

1. e4 c5 2. Nf3 Nc6 3. d4 cxd4 4. Nxd4 Nf6 5. Nc3 e6 6. Bg5 Be7 7. Nxc6 bxc6 8.
e5 Nd5 9. Bxe7 Qxe7 10. Qd2 Qb4 11. Nxd5 Qxd2+ 12. Kxd2 cxd5 13. g3 Rb8 14. Rb1
Ke7 15. Bg2 Ba6 16. b3 d6 17. exd6+ Kxd6 18. f4 Rhc8 19. Rhc1 Rc7 20. c3 f6 21.
Re1 e5 22. Rbc1 Re8 23. fxe5+ fxe5 24. Bf1 Bc8 25. Ke3 Rf8 26. Be2 Bh3 27. Red1
Rcf7 28. Rxd5+ Kxd5 29. Bc4+ Kc5 30. Bxf7 Rxf7 31. Ke4 Kd6 32. Rd1+ Ke6 33. Rd2
Bf5+ 34. Ke3 g5 35. c4 Rd7 36. Rxd7 Kxd7 37. c5 g4 38. b4 Kc6 39. a3 a5 40. Kd2
axb4 41. axb4 Kb5 42. Kc3 Be6 43. Kd3 Bd5 44. Kc3 Ka4 45. c6 Bxc6 46. Kc4 e4
0-1

[Event "Championnat de France - Vétérans"]
[Site "Aix-les-Bains"]
[Date "2007.08.19"]
[Round "6.10"]
[White "Blum, Pierre"]
[Black "Dubreuil, Remy"]
[Result "1/2-1/2"]
[WhiteElo "1835"]
[BlackElo "2004"]
[PlyCount "57"]
[EventDate "2007.??.??"]

1. e4 e6 2. d4 d5 3. Nc3 Nf6 4. Bg5 Bb4 5. e5 h6 6. Bd2 Bxc3 7. bxc3 Ne4 8. Qg4
g6 9. Bd3 Nxd2 10. Kxd2 c5 11. dxc5 Qc7 12. Qf4 f5 13. h4 Qxc5 14. Rh3 Nc6 15.
Ne2 Bd7 16. a4 a6 17. Rg3 Ne7 18. Rb1 O-O-O 19. Nd4 Rdg8 20. Nb3 Qa7 21. Na5
Bc6 22. Qd4 Qxd4 23. cxd4 g5 24. h5 Kc7 25. c3 Rb8 26. Bc2 Be8 27. c4 b6 28.
cxd5 exd5 29. Rc3+ 1/2-1/2